000 01820cam a2200493 a 4500
001 21487
003 VRT
005 20260302141901.0
008 240314s2010 xo j 000 j slo
015 _aSNBA2010/10-05588
020 _a9788080893873
_q(viaz.)
035 _aF43DC940-8FF8-49A2-90DD-A22FB5D8CFFA
035 _aurn:nbn:sk:snk-amjfsb
035 _aurn:nbn:sk:snk-am002gmc
039 9 _a202403141455
_bVLOAD
_c201807301507
_dVLOAD
_c201508271328
_dVLOAD
_c201508270955
_dVLOAD
040 _aTTKJF
_bslo
_cTTKJF
_dSVKBB
_dSNK
_eAACR2
041 0 _aslo
_hger
044 _axo
_cSK
072 7 _a821.112.2-3
_xNemecká próza, nemecky písaná
_2konspekt
072 7 _a821-93
_xLiteratúra pre deti a mládež
_2konspekt
080 _a821.112.2(436)-32
_22001
080 _a(0:82-321.3)
_22001
080 _a821-93
_22001
100 1 _aBrezina, Thomas,
_d1963-
_4aut
240 1 0 _aLeonie Lion
_lSlovensky
245 1 0 _aNový začiatok
_cThomas Brezina ; [z nemeckého originálu preložila Katarína Šmidtová]
250 _a1. vyd.
260 _aBratislava
_bFragment
_c2010
300 _a375 s.
_c22 cm
655 7 _arakúske príbehy
_2SNKPH
655 7 _adobrodružné príbehy
_2SNKPH
655 7 _apublikácie pre mládež
_2SNKPH
700 1 _aŠmidtová, Katarína
_4trl
942 _2ddc
_cKLDO
_n0
949 _6270001000368209
_asvkbbA 128188
_bsvkbbm 709607
949 _617A0663580
_asnkSC 140825
_bsnk2010/12669
_o1391/10
_s6100:20140925
949 _617A0663579
_asnkSC 140825 D1
_bsnk2010/12672
_o1391/10
949 _6273K0516062
_asvkpoB 83477
_bsvkpo524313
949 _63869A13613
_abpksh821.112.2(436)-32
_bbpksh63406
949 _62889164697
_asavukPV 13883
_bsavuk2010/4404
980 _a821.112.2(436)-32
980 _a821-93
999 _c21487
_d21487